LEADER 00693nam0-22002531i-450- 001 990001253000403321 035 $a000125300 035 $aFED01000125300 035 $a(Aleph)000125300FED01 035 $a000125300 100 $a20000920d1986----km-y0itay50------ba 101 0 $aeng 200 1 $aLocal Class Field Theory$fby Iwasawa 210 $aNew York$cOxford University Press$d1986 225 1 $aOxford mathematical monographs 700 1$aIwasawa,$bKenkichi$040876 801 0$aIT$bUNINA$gRICA$2UNIMARC 901 $aBK 912 $a990001253000403321 952 $aC-47-(14$b2591$fMA1 959 $aMA1 996 $aLocal Class Field Theory$9380687 997 $aUNINA DB $aING01 LEADER 01022nam0 22002651i 450 001 UON00143067 005 20231205102849.708 100 $a20020107f1965 |0itac50 ba 101 $aara 102 $aEG 105 $a|||| 1|||| 200 1 $aˆal-‰Ribat al-Muqaddas$fTawfiq al-Hakim 210 $aal-Qahira$c[s.n.]$d1965 215 $a272 p.$d17 cm 606 $aLETTERATURA EGIZIANA$xNARRATIVA$xSEC. XX$xTESTI$3UONC000777$2FI 620 $aEG$dIl Cairo$3UONL000377 686 $aEGI VI BAX$cEGITTO - LETTERATURA MODERNA - TESTI - PROSA$2A 700 1$aˆal-‰?ak?m$bTauf?q$3UONV005211$0778977 790 0$aTAWFIQ al-Hakim$zal-?ak?m, Tauf?q$3UONV045012 801 $aIT$bSOL$c20240220$gRICA 899 $aSIBA - SISTEMA BIBLIOTECARIO DI ATENEO$2UONSI 912 $aUON00143067 950 $aSIBA - SISTEMA BIBLIOTECARIO DI ATENEO$dSI EGI VI BAX 164 $eSI AR 2869 7 164 996 $aRibat al-Muqaddas$93897222 997 $aUNIOR